<?xml version="1.0" encoding="UTF-8"?>
<record
    xmlns:xsi="http://www.w3.org/2001/XMLSchema-instance"
    xsi:schemaLocation="http://www.loc.gov/MARC21/slim http://www.loc.gov/standards/marcxml/schema/MARC21slim.xsd"
    xmlns="http://www.loc.gov/MARC21/slim">

  <leader>03268cam a22004574i 4500</leader>
  <controlfield tag="003">PE-LiUPU</controlfield>
  <controlfield tag="005">20250731165422.0</controlfield>
  <controlfield tag="008">160114s2013    pe a   grm    000 0 spa d</controlfield>
  <datafield tag="035" ind1=" " ind2=" ">
    <subfield code="a">(Sirsi) a155740</subfield>
  </datafield>
  <datafield tag="040" ind1=" " ind2=" ">
    <subfield code="a">PE-LiUPU</subfield>
    <subfield code="b">spa</subfield>
    <subfield code="c">PE-LiUPU</subfield>
    <subfield code="e">rda</subfield>
  </datafield>
  <datafield tag="082" ind1="0" ind2="4">
    <subfield code="a">232.8</subfield>
    <subfield code="b">P43 T3</subfield>
  </datafield>
  <datafield tag="099" ind1=" " ind2=" ">
    <subfield code="a">TT 3</subfield>
    <subfield code="b">P43  2013</subfield>
  </datafield>
  <datafield tag="100" ind1="1" ind2=" ">
    <subfield code="a">Pe&#xF1;a Salvatierra, Alberto</subfield>
    <subfield code="e">autor</subfield>
  </datafield>
  <datafield tag="245" ind1="1" ind2=" ">
    <subfield code="a">Humanidad de Cristo desde una perspectiva b&#xED;blica en la Iglesia Adventista del S&#xE9;ptimo D&#xED;a /</subfield>
    <subfield code="c">Alberto Pe&#xF1;a Salvatierra.</subfield>
  </datafield>
  <datafield tag="264" ind1=" " ind2="0">
    <subfield code="c">2013.</subfield>
  </datafield>
  <datafield tag="300" ind1=" " ind2=" ">
    <subfield code="a">127 hojas </subfield>
    <subfield code="c">30 cm</subfield>
  </datafield>
  <datafield tag="336" ind1=" " ind2=" ">
    <subfield code="a">text</subfield>
    <subfield code="2">rdacontent</subfield>
  </datafield>
  <datafield tag="337" ind1=" " ind2=" ">
    <subfield code="a">unmediated</subfield>
    <subfield code="2">rdamedia</subfield>
  </datafield>
  <datafield tag="338" ind1=" " ind2=" ">
    <subfield code="a">volume</subfield>
    <subfield code="2">rdacarrier</subfield>
  </datafield>
  <datafield tag="502" ind1=" " ind2=" ">
    <subfield code="a">Tesis</subfield>
    <subfield code="b">(Mg.) -- </subfield>
    <subfield code="c">Universidad Peruana Uni&#xF3;n,</subfield>
    <subfield code="d">2013.</subfield>
  </datafield>
  <datafield tag="504" ind1=" " ind2=" ">
    <subfield code="a">Incluye referencias</subfield>
  </datafield>
  <datafield tag="520" ind1="3" ind2=" ">
    <subfield code="a">El presente trabajo es un estudio hist&#xF3;rico y teol&#xF3;gico, sujeto al principio de prima, sola y tota escritura y utiliza el m&#xE9;todo hist&#xF3;rico documental, a fin de investigar el tema de humanidad de Cristo. La metodolog&#xED;a sigue los lineamientos: Revisi&#xF3;n bibliogr&#xE1;fica de autores adventistas que abordan el tema de la humanidad de Cristo, a fin de visualizar los textos b&#xED;blicos sobre los que construyen sus argumentos. Revisi&#xF3;n de la comprensi&#xF3;n del tema a trav&#xE9;s de la historia del cristianismo concentr&#xE1;ndonos en las declaraciones oficiales de concilios y de algunas denominaciones protestantes. Revisi&#xF3;n de la comprensi&#xF3;n del tema a trav&#xE9;s de la historia de la Iglesia Adventista del S&#xE9;ptimo D&#xED;a, concentr&#xE1;ndonos en Literatura y autores sobresalientes. Estudio de os textos seleccionados en base a los aportes dados por comentaristas y ex&#xE9;gesis b&#xED;blicos. La teolog&#xED;a adventista distingue dos enfoques sobre la humanidad de Cristo. Una, que Cristo tom&#xF3; la humanidad afectada por el pecado, conocida como enfoque poslapsario. La otra, que Cristo tom&#xF3; la naturaleza humana ca&#xED;da pero s&#xF3;lo f&#xED;sicamente, mas no espiritualmente, que el pecado s&#xF3;lo le afect&#xF3; pasivamente y que por lo tanto, no pose&#xED;a inclinaci&#xF3;n alguna al mal o epithumia. Este enfoque, aunque no lo considera a Cristo igual a Ad&#xE1;n antes de la ca&#xED;da, sin embargo, por considerarlo inmaculado espiritualmente, es conocido como prelapsario. La Iglesia Adventista hasta 1958 sosten&#xED;a el enfoque poslapsario, pero a partir del libro Questi&#xF3;n on Doctrine de 1957, rompi&#xF3; este enfoque e introdujo el enfoque prelapsario. Puntualiz&#xF3; que Cristo fue inmaculado y que no particip&#xF3; de la inclinaci&#xF3;n al mal. Desde entonces se levant&#xF3; un sisma al respecto. Un bando recibi&#xF3; con regocijo esta nueva posici&#xF3;n, pero otro grupo se opuso tenazmente, rechazando  y tildando a este nuevo enfoque como her&#xE9;tico.</subfield>
  </datafield>
  <datafield tag="526" ind1=" " ind2=" ">
    <subfield code="a">SEG44</subfield>
  </datafield>
  <datafield tag="526" ind1=" " ind2=" ">
    <subfield code="a">SEG26</subfield>
  </datafield>
  <datafield tag="526" ind1=" " ind2=" ">
    <subfield code="a">P151</subfield>
  </datafield>
  <datafield tag="526" ind1=" " ind2=" ">
    <subfield code="a">P150</subfield>
  </datafield>
  <datafield tag="526" ind1=" " ind2=" ">
    <subfield code="a">P149</subfield>
  </datafield>
  <datafield tag="526" ind1=" " ind2=" ">
    <subfield code="a">P146</subfield>
  </datafield>
  <datafield tag="526" ind1=" " ind2=" ">
    <subfield code="a">P145</subfield>
  </datafield>
  <datafield tag="526" ind1=" " ind2=" ">
    <subfield code="a">P126</subfield>
  </datafield>
  <datafield tag="526" ind1=" " ind2=" ">
    <subfield code="a">P125</subfield>
  </datafield>
  <datafield tag="526" ind1=" " ind2=" ">
    <subfield code="a">P92</subfield>
  </datafield>
  <datafield tag="526" ind1=" " ind2=" ">
    <subfield code="a">P75</subfield>
  </datafield>
  <datafield tag="526" ind1=" " ind2=" ">
    <subfield code="a">P74</subfield>
  </datafield>
  <datafield tag="526" ind1=" " ind2=" ">
    <subfield code="a">P27</subfield>
  </datafield>
  <datafield tag="526" ind1=" " ind2=" ">
    <subfield code="a">P15</subfield>
  </datafield>
  <datafield tag="600" ind1="0" ind2="4">
    <subfield code="a">Jesucristo</subfield>
    <subfield code="x">Humanidad</subfield>
    <subfield code="x">Ense&#xF1;anza b&#xED;blica</subfield>
    <subfield code="x">Iglesia Adventista del S&#xE9;ptimo D&#xED;a.</subfield>
  </datafield>
  <datafield tag="596" ind1=" " ind2=" ">
    <subfield code="a">1</subfield>
  </datafield>
  <datafield tag="942" ind1=" " ind2=" ">
    <subfield code="2">ddc</subfield>
    <subfield code="c">TESIS</subfield>
  </datafield>
  <datafield tag="999" ind1=" " ind2=" ">
    <subfield code="a">TT 3 P43  2013</subfield>
    <subfield code="w">ALPHANUM</subfield>
    <subfield code="c">8417</subfield>
    <subfield code="i">T01506</subfield>
    <subfield code="d">8417</subfield>
    <subfield code="l">CCODEBUL3</subfield>
    <subfield code="m">BUL</subfield>
    <subfield code="q">1</subfield>
    <subfield code="r">1</subfield>
    <subfield code="s">Y</subfield>
    <subfield code="t">TESIS</subfield>
    <subfield code="u">2016-1-14</subfield>
    <subfield code="x">POSGRADO</subfield>
    <subfield code="P">P85</subfield>
    <subfield code="o">.STAFF. Tesis</subfield>
  </datafield>
  <datafield tag="980" ind1=" " ind2=" ">
    <subfield code="8">1</subfield>
    <subfield code="g">ALBERTO SANCHEZ Responsable de Automatizaci&#xF3;n</subfield>
  </datafield>
  <datafield tag="952" ind1=" " ind2=" ">
    <subfield code="r">2024-10-29 17:26:09</subfield>
    <subfield code="l">0</subfield>
    <subfield code="o">TT 3 P43  2013</subfield>
    <subfield code="p">T01506</subfield>
    <subfield code="t">e1</subfield>
    <subfield code="w">2016-01-14</subfield>
    <subfield code="x">PG</subfield>
    <subfield code="y">TESIS</subfield>
    <subfield code="z">Este &#xCD;tem NO se presta por ser Ejemplar #1.</subfield>
    <subfield code="1">0</subfield>
    <subfield code="2">ddc</subfield>
    <subfield code="7">1</subfield>
    <subfield code="8">TESIS</subfield>
    <subfield code="f">P85</subfield>
    <subfield code="a">BUL</subfield>
    <subfield code="b">BUL</subfield>
    <subfield code="c">TESIS</subfield>
    <subfield code="d">2016-01-14</subfield>
  </datafield>
</record>
